书目信息 |
| 题名: |
土壤调查与配方施肥实用技术
|
|
| 作者: | 王瑞霆 编著 | |
| 分册: | ||
| 出版信息: | 北京 中国农业科学技术出版社 2015 |
|
| 页数: | 265页 | |
| 开本: | 26cm | |
| 丛书名: | ||
| 单 册: | ||
| 中图分类: | S159-3 , S147.2 , S159 | |
| 科图分类: | ||
| 主题词: | 土壤调查 , 施肥--配方 | |
| 电子资源: | ||
| ISBN: | 978-7-5116-2207-5 | |
| 000 | 00928nam0 2200277 450 | |
| 001 | 2371882618 | |
| 005 | 20231129195820.66 | |
| 010 | @a978-7-5116-2207-5@dCNY60.00 | |
| 090 | @aS159@bwrt | |
| 096 | @aS159@bwrt | |
| 100 | @a20160226d2015 em y0chiy0120 ea | |
| 101 | 0 | @achi |
| 102 | @aCN@b110000 | |
| 105 | @aa z 000yy | |
| 200 | 1 | @a土壤调查与配方施肥实用技术@9tu rang diao cha yu pei fang shi fei shi yong ji shu@f王瑞霆编著 |
| 210 | @a北京@c中国农业科学技术出版社@d2015 | |
| 215 | @a265页@c图@d26cm | |
| 330 | @a本书分为基础知识、实用技术两部分,包括土壤调查中的地质学、地貌学与土壤调查、地形图在土壤调查中的应用、土壤基础知识、土壤野外调查、土壤酸化与治理等内容。 | |
| 606 | 0 | @a土壤调查 |
| 606 | 0 | @a施肥@x配方 |
| 690 | @aS159-3@v5 | |
| 690 | @aS147.2@v5 | |
| 690 | @aS159@v4 | |
| 701 | 0 | @c(土家)@a王瑞霆@9wang rui ting@f(1944.2~)@4编著 |
| 801 | 2 | @aCN@b58marc.cn@c20170707 |
| 905 | @aBZT@dS159@e159 | |
| 土壤调查与配方施肥实用技术/王瑞霆编著.-北京:中国农业科学技术出版社,2015 |
| 265页:图;26cm |
| ISBN 978-7-5116-2207-5:CNY60.00 |
| 本书分为基础知识、实用技术两部分,包括土壤调查中的地质学、地貌学与土壤调查、地形图在土壤调查中的应用、土壤基础知识、土壤野外调查、土壤酸化与治理等内容。 |
| ● |
| 相关链接 |
|
|
|
正题名:土壤调查与配方施肥实用技术
索取号:S159/159
 
预约/预借
| 序号 | 登录号 | 条形码 | 馆藏地/架位号 | 状态 | 备注 |
| 1 | 2001167332 | 2001167332 | 中教(第二批第二书库)/山东中教(第二批)/2022/ [索取号:S159/159] | 在馆 | |
| 2 | 2001167333 | 2001167333 | 中教(第二批第二书库)/山东中教(第二批)/2022/ [索取号:S159/159] | 在馆 | |
| 3 | 2001167334 | 2001167334 | 中教(第二批第二书库)/山东中教(第二批)/2022/ [索取号:S159/159] | 在馆 | |
| 4 | 2001167335 | 2001167335 | 中教(第二批第二书库)/山东中教(第二批)/2022/ [索取号:S159/159] | 在馆 | |
| 5 | 2001167336 | 2001167336 | 中教(第二批第二书库)/山东中教(第二批)/2022/ [索取号:S159/159] | 在馆 | |
| 6 | 2001167337 | 2001167337 | 中教(第二批第二书库)/山东中教(第二批)/2022/ [索取号:S159/159] | 在馆 | |
| 7 | 2001167338 | 2001167338 | 中教(第二批第二书库)/山东中教(第二批)/2022/ [索取号:S159/159] | 在馆 | |
| 8 | 2001167339 | 2001167339 | 中教(第二批第二书库)/山东中教(第二批)/2022/ [索取号:S159/159] | 在馆 | |
| 9 | 2001167340 | 2001167340 | 中教(第二批第二书库)/山东中教(第二批)/2022/ [索取号:S159/159] | 在馆 | |
| 10 | 2001167341 | 2001167341 | 中教(第二批第二书库)/山东中教(第二批)/2022/ [索取号:S159/159] | 在馆 | |
| 11 | 2001167342 | 2001167342 | 中教(第二批第二书库)/山东中教(第二批)/2022/ [索取号:S159/159] | 在馆 | |
| 12 | 2001167343 | 2001167343 | 中教(第二批第二书库)/山东中教(第二批)/2022/ [索取号:S159/159] | 在馆 | |
| 13 | 2001167344 | 2001167344 | 中教(第二批第二书库)/山东中教(第二批)/2022/ [索取号:S159/159] | 在馆 | |
| 14 | 2001167345 | 2001167345 | 中教(第二批第二书库)/山东中教(第二批)/2022/ [索取号:S159/159] | 在馆 | |
| 15 | 2001167346 | 2001167346 | 中教(第二批第二书库)/山东中教(第二批)/2022/ [索取号:S159/159] | 在馆 | |
| 16 | 2001167347 | 2001167347 | 中教(第二批第二书库)/山东中教(第二批)/2022/ [索取号:S159/159] | 在馆 | |
| 17 | 2001167348 | 2001167348 | 中教(第二批第二书库)/山东中教(第二批)/2022/ [索取号:S159/159] | 在馆 | |
| 18 | 2001167349 | 2001167349 | 中教(第二批第二书库)/山东中教(第二批)/2022/ [索取号:S159/159] | 在馆 | |
| 19 | 2001167350 | 2001167350 | 中教(第二批第二书库)/山东中教(第二批)/2022/ [索取号:S159/159] | 在馆 | |
| 20 | 2001167351 | 2001167351 | 中教(第二批第二书库)/山东中教(第二批)/2022/ [索取号:S159/159] | 在馆 | |
| 21 | 2001167352 | 2001167352 | 中教(第二批第二书库)/山东中教(第二批)/2022/ [索取号:S159/159] | 在馆 | |
| 22 | 2001167353 | 2001167353 | 中教(第二批第二书库)/山东中教(第二批)/2022/ [索取号:S159/159] | 在馆 | |
| 23 | 2001167354 | 2001167354 | 中教(第二批第二书库)/山东中教(第二批)/2022/ [索取号:S159/159] | 在馆 | |
| 24 | 2001167355 | 2001167355 | 中教(第二批第二书库)/山东中教(第二批)/2022/ [索取号:S159/159] | 在馆 | |
| 25 | 2001167356 | 2001167356 | 中教(第二批第二书库)/山东中教(第二批)/2022/ [索取号:S159/159] | 在馆 | |
| 26 | 2001167357 | 2001167357 | 中教(第二批第二书库)/山东中教(第二批)/2022/ [索取号:S159/159] | 在馆 | |
| 27 | 2001167358 | 2001167358 | 中教(第二批第二书库)/山东中教(第二批)/2022/ [索取号:S159/159] | 在馆 | |
| 28 | 2001167359 | 2001167359 | 中教(第二批第二书库)/山东中教(第二批)/2022/ [索取号:S159/159] | 在馆 | |
| 29 | 2001167360 | 2001167360 | 中教(第二批第二书库)/山东中教(第二批)/2022/ [索取号:S159/159] | 在馆 | |
| 30 | 2001167361 | 2001167361 | 中教(第二批第二书库)/山东中教(第二批)/2022/ [索取号:S159/159] | 在馆 |